Normal view
MARC view
- Nihon Shokubutsu Saibō Bunshi Seibutsu Gakkai
Entry Corporate Name
001 - CONTROL NUMBER
- control field: 15619
003 - CONTROL NUMBER IDENTIFIER
- control field: OSt
005 - DATE AND TIME OF LATEST TRANSACTION
- control field: 20260305125404.0
008 - FIXED-LENGTH DATA ELEMENTS
- fixed length control field: 260305|| aca||aabn | a|a d
040 ## - CATALOGING SOURCE
- Original cataloging agency: OSt
- Transcribing agency: OSt
110 ## - HEADING--CORPORATE NAME
- Corporate name or jurisdiction name as entry element: Nihon Shokubutsu Saibō Bunshi Seibutsu Gakkai
670 ## - SOURCE DATA FOUND
- Source citation: Work cat.: (OSt)6145: Umesha S. Author 15610, Plant biotechnology/, c2019